[Event "Unive Open"]
[Site "Hoogeveen NED"]
[Date "2009.10.17"]
[Round "2"]
[White "Afek,Y"]
[Black "Brodsky,M"]
[Result "0-1"]
[WhiteElo "2303"]
[BlackElo "2530"]

1.e4 c5 2.c3 Nf6 3.e5 Nd5 4.Nf3 Nc6 5.Bc4 Nb6 6.Bb3 d5 7.exd6 Qxd6 8.d4 cxd4
9.O-O Be6 10.Bxe6 Qxe6 11.Nxd4 Nxd4 12.Qxd4 Rd8 13.Qb4 Qc6 14.Nd2 e6 15.Qg4 h5
16.Qe2 h4 17.h3 Be7 18.a4 a6 19.a5 Nd5 20.Qf3 g6 21.Qe4 Rh5 22.Ra4 Bf6 23.Qc4 Qd7
24.Ne4 Be7 25.Rd1 f5 26.Qb3 Qb5 27.Qc2 fxe4 28.Qxe4 Kf7 29.Re1 Rd6 30.Rd4 Nf6
31.Qe3 Qd7 32.Red1 Rhd5 33.R1d3 e5  0-1

[Event "Guernsey Open"]
[Site "Guernsey GCI"]
[Date "2009.10.20"]
[Round "3"]
[White "Goris,T"]
[Black "Gravett,A"]
[Result "1/2-1/2"]
[WhiteElo "2060"]
[BlackElo "1909"]

1.e4 c5 2.c3 Nf6 3.e5 Nd5 4.d4 e6 5.Nf3 Nc6 6.c4 Ndb4 7.d5 exd5 8.cxd5 Nd4
9.Nxd4 cxd4 10.a3 Qa5 11.Bd2 d3 12.Bxb4 Bxb4+ 13.Nd2 Bxd2+ 14.Qxd2 Qxd5 15.O-O-O O-O
16.f4 d6 17.Bxd3 Qa2 18.Qc2 Be6 19.Kd2 dxe5 20.f5 Rac8 21.Qb1 Qd5 22.Ke3 Qd4+
23.Ke2 e4 24.Bxe4 Bc4+ 25.Kf3 Qb6 26.Rhe1 Rfd8  1/2-1/2

[Event "8th TCh-Eur w"]
[Site "Novi Sad SRB"]
[Date "2009.10.22"]
[Round "1"]
[White "Mamedjarova,T"]
[Black "Guichard,P"]
[Result "1-0"]
[WhiteElo "2233"]
[BlackElo "2304"]

1.e4 c5 2.c3 Nf6 3.e5 Nd5 4.d4 cxd4 5.Nf3 e6 6.cxd4 d6 7.Bc4 Nb6 8.Bb5+ Bd7
9.Bd3 Nc6 10.O-O dxe5 11.dxe5 Nb4 12.Be2 Bc6 13.Nc3 Be7 14.Nd4 O-O 15.a3 N4d5
16.Nxc6 bxc6 17.Qc2 Nd7 18.f4 Qb6+ 19.Kh1 Nc5 20.b4 Nd7 21.Bd3 g6 22.Na4 Qc7
23.Bd2 Rfe8 24.Ba6 Red8 25.Rae1 Nb8 26.Bd3 a5 27.bxa5 Bxa3 28.Rb1 c5 29.Be4 Nc6
30.Bxd5 exd5 31.Nb6 Ra7 32.Qb3 Bb4 33.Nxd5 Nxa5 34.Qf3 Qb7 35.Bxb4  1-0

[Event "TCh-SLO East 1st League"]
[Site "Sentjur SLO"]
[Date "2009.10.22"]
[Round "1"]
[White "Tomazini,Z"]
[Black "Zivkovic,Vj"]
[Result "0-1"]
[WhiteElo "2164"]
[BlackElo "2413"]

1.e4 c5 2.c3 Nf6 3.e5 Nd5 4.Nf3 Nc6 5.Bc4 Nb6 6.Bb3 c4 7.Bc2 Qc7 8.Qe2 g5
9.h3 Bg7 10.O-O Nxe5 11.Nxg5 h6 12.Nf3 d5 13.Re1 Nxf3+ 14.Qxf3 e5 15.Qg3 Bf6
16.d4 cxd3 17.Bxd3 Be6 18.Na3 a6 19.f4 e4 20.Bf1 Nc8 21.Qf2 Nd6 22.g4 Qe7
23.Rd1 h5 24.f5 Bd7 25.Bf4 hxg4 26.Rxd5 Nxf5 27.Nc4 g3 28.Qb6 Nh4 29.Nd6+ Kf8
30.Nf5 Nxf5 31.Rxf5 Kg7 32.Rc5 Bc6 33.Re1 Qe6 34.Bg5 Rad8 35.Qc7 Qd6 36.Bxf6+ Kxf6
37.Qa5 Qf4 38.Rxc6+ bxc6 39.Qc5 Rd2 40.Re2 Rd1  0-1

[Event "WJun"]
[Site "Puerto Madryn ARG"]
[Date "2009.10.23"]
[Round "2"]
[White "Potapov,P"]
[Black "Dimuro,M"]
[Result "1-0"]
[WhiteElo "2429"]
[BlackElo "2214"]

1.e4 c5 2.c3 Nf6 3.e5 Nd5 4.Nf3 Nc6 5.Bc4 Nb6 6.Bb3 c4 7.Bc2 Qc7 8.Qe2 g5
9.h3 Bg7 10.O-O Nxe5 11.Nxg5 h6 12.Nf3 Nxf3+ 13.Qxf3 d6 14.a4 Nd7 15.Na3 Nf6
16.b3 cxb3 17.Bxb3 a6 18.Re1 Rb8 19.d4 Kf8 20.Bf4 b6 21.c4 Bb7 22.Qe3 Re8
23.Nc2 Nd7 24.Nb4 e5 25.Nd5 Qd8 26.Bg3 Re6 27.dxe5 dxe5 28.Rad1 Qc8 29.Bh4 e4
30.Nf4 Re8 31.a5 Nc5 32.axb6 h5 33.Nd5 Nd3 34.Nc7 Re5 35.f4 Re6 36.c5 Qd7
37.Bxe6 fxe6 38.Nxe6+ Qxe6 39.Rxd3  1-0

[Event "TCh-SLO East 1st League"]
[Site "Sentjur SLO"]
[Date "2009.10.23"]
[Round "2"]
[White "Gorsek,G"]
[Black "Kragelj,I"]
[Result "1/2-1/2"]
[WhiteElo "2048"]
[BlackElo "2216"]

1.e4 c5 2.c3 Nf6 3.e5 Nd5 4.d4 cxd4 5.Qxd4 e6 6.Nf3 Nc6 7.Qe4 d6 8.Nbd2 dxe5
9.Nxe5 Nf6 10.Nxc6 Qxd2+ 11.Bxd2 Nxe4 12.Ne5 Nxd2 13.Bb5+ Ke7 14.Kxd2 g6
15.Rad1 Bg7 16.Nf3 a6 17.Bd3 Bd7 18.Rhe1 Rhd8 19.Kc1 Rac8 20.Ne5 Ba4 21.Bc2  1/2-1/2

[Event "Chigorin Mem Open"]
[Site "St Petersburg RUS"]
[Date "2009.10.23"]
[Round "8"]
[White "Vysochin,S"]
[Black "Sandipan,C"]
[Result "0-1"]
[WhiteElo "2550"]
[BlackElo "2611"]

1.e4 c5 2.c3 Nf6 3.e5 Nd5 4.Nf3 Nc6 5.d4 cxd4 6.cxd4 d6 7.Bc4 Nb6 8.Bb5 dxe5
9.Nxe5 Bd7 10.Nxd7 Qxd7 11.Nc3 Rd8 12.O-O e6 13.a4 a6 14.Bxc6 Qxc6 15.Bg5 f6
16.Be3 Be7 17.Qh5+ g6 18.Qh6 Bf8 19.Qh3 Bg7 20.Rfc1 O-O 21.a5 Nc8 22.Ne2 Qd7
23.Rc5 Ne7 24.Nf4 f5 25.Qf3 Rfe8 26.h4 Nc6 27.d5 exd5 28.Nxd5 Qf7 29.Rd1 Bxb2
30.Rb1 Bd4 31.Rxb7 Qxb7 32.Rxc6 Be5 33.g3 Kh8 34.Nb6 Rd6  0-1

[Event "8th TCh-Eur w"]
[Site "Novi Sad SRB"]
[Date "2009.10.24"]
[Round "3"]
[White "Milliet,S"]
[Black "Nikolova,A"]
[Result "1-0"]
[WhiteElo "2407"]
[BlackElo "2334"]

1.e4 c5 2.c3 Nf6 3.e5 Nd5 4.Nf3 Nc6 5.d4 cxd4 6.cxd4 e6 7.Bc4 d6 8.O-O Be7
9.Qe2 O-O 10.Qe4 Bd7 11.Bd2 Ncb4 12.a3 Nb6 13.Bb3 N4d5 14.Bc2 f5 15.exf6 Nxf6
16.Qe2 Nfd5 17.Bb3 Kh8 18.Re1 Bf6 19.Bc2 Rc8 20.Qd3 g6 21.Nc3 Nxc3 22.bxc3 Nc4
23.Bh6 Re8 24.Nd2 Nxd2 25.Qxd2 e5 26.Be3 e4 27.Bf4 d5 28.Rab1 b6 29.Re3 Bg5
30.Rxe4 dxe4 31.Bxg5 Qc7 32.Bf6+ Kg8 33.Bb3+ Be6 34.d5 e3 35.fxe3  1-0

[Event "WJun"]
[Site "Puerto Madryn ARG"]
[Date "2009.10.24"]
[Round "4"]
[White "Potapov,P"]
[Black "Iturrizaga,E"]
[Result "0-1"]
[WhiteElo "2429"]
[BlackElo "2605"]

1.e4 c5 2.c3 Nf6 3.e5 Nd5 4.Nf3 Nc6 5.Bc4 Nb6 6.Bb3 d5 7.exd6 Qxd6 8.O-O c4
9.Bc2 Bg4 10.h3 Bh5 11.Re1 O-O-O 12.b3 Qf6 13.bxc4 Bxf3 14.Qxf3 Qxf3 15.gxf3 Nxc4
16.d4 e6 17.Bb3 N6a5 18.Nd2 Nxd2 19.Bxd2 Nxb3 20.axb3 a6 21.Bf4 Bd6 22.Bxd6 Rxd6
23.Ra5 Kd7 24.Kf1 Rb6 25.Ra3 Rb5 26.Re3 Rh5 27.f4 Ke7 28.Ke2 Rd8 29.b4 Rdd5
30.Ra1 Rdf5 31.Rf3 Rh4 32.Rg1 Rfh5 33.Rgg3 b5 34.Kd3 g6 35.Ke3 Kd6 36.Kd3 Ke7
37.Ke3 Kf6 38.Ke4 h6 39.Kd3 Ke7 40.Kd2 Kd6 41.Ke3 Kd5 42.Kd3 Kc6 43.Kd2 Kd7
44.Ke3 Kd6 45.Kd2 Ke7 46.Ke2 Kf6 47.Kd3 Rd5 48.Rg1 Rd6 49.Re1 Ke7 50.Re5 Rd5
51.c4 bxc4+ 52.Kxc4 Rd6 53.d5 g5 54.dxe6 Rxe6 55.Rf5 g4 56.hxg4 Rxg4 57.Re3 Rg6
58.b5 axb5+ 59.Rxb5 Kf8 60.Kd4 Kg7  0-1

[Event "Corsica Masters"]
[Site "Bastia FRA"]
[Date "2009.10.26"]
[Round "2"]
[White "Karpatchev,A"]
[Black "Houriez,A"]
[Result "1-0"]
[WhiteElo "2477"]
[BlackElo "2100"]

1.e4 c5 2.c3 Nf6 3.e5 Nd5 4.Nf3 Nc6 5.Bc4 Nb6 6.Bb3 d5 7.exd6 Qxd6 8.O-O Bf5
9.d4 e6 10.Na3 Rd8 11.Be3 cxd4 12.Nxd4 Nxd4 13.Bxd4 Qc6 14.Qe2 Bxa3 15.bxa3 O-O
16.Qe5 Rxd4 17.cxd4 Rc8 18.f3 Nd7 19.Qa5 b6 20.Qxa7 Qd6 21.Qa4 g5 22.Qb4 Qf4
23.d5  1-0

[Event "Corsica Masters"]
[Site "Bastia FRA"]
[Date "2009.10.28"]
[Round "6"]
[White "Kurochka,I"]
[Black "Geronimi,Pi"]
[Result "0-1"]
[WhiteElo "2108"]
[BlackElo "1900"]

1.e4 c5 2.c3 Nf6 3.e5 Nd5 4.Nf3 Nc6 5.d4 cxd4 6.cxd4 d6 7.Bc4 dxe5 8.dxe5 Ndb4
9.Qxd8+ Kxd8 10.Na3 Bf5 11.O-O e6 12.Bg5+ Kc8 13.Rac1 h6 14.Bh4 g5 15.Bg3 Be7
16.Rfd1 Rd8 17.Nb5 Rxd1+ 18.Rxd1 a6 19.Nbd4 Bg4 20.a3 Nxd4 21.Rxd4 Bxf3 22.gxf3 Nc6
23.Rd1 Kc7 24.Kf1 Rd8 25.Rxd8 Bxd8 26.f4 gxf4 27.Bxf4 Bg5 28.Bg3 Bc1 29.a4 Bxb2
30.f4 Nd4 31.Kf2 b5 32.axb5 axb5 33.Ba2 Bc1 34.Ke1 b4 35.Bf2 b3 36.Bb1 Nb5
37.Bd3 b2  0-1

[Event "8th TCh-Eur w"]
[Site "Novi Sad SRB"]
[Date "2009.10.28"]
[Round "7"]
[White "Gaponenko,I"]
[Black "Gara,T"]
[Result "1-0"]
[WhiteElo "2438"]
[BlackElo "2364"]

1.e4 c5 2.c3 Nf6 3.e5 Nd5 4.Nf3 Nc6 5.Bc4 Nb6 6.Bb3 c4 7.Bc2 d6 8.exd6 Qxd6
9.O-O Bg4 10.Qe2 O-O-O 11.b3 Bxf3 12.Qxf3 Ne5 13.Qh3+ Qd7 14.Qe3 Nd3 15.bxc4 e6
16.Ba3 Nxc4 17.Qxa7 b5 18.Qxd7+ Rxd7 19.Bxf8 Rxf8 20.a4 bxa4 21.Rxa4 Nb6
22.Ra5 Rfd8 23.Rb5 Kc7 24.Na3 Ra8 25.Rb3 Nc5 26.Rb5 Nd3 27.Rb3 Nc5 28.Rb5 Nd3
29.Nb1 Ra1  1-0

[Event "8th TCh-Eur w"]
[Site "Novi Sad SRB"]
[Date "2009.10.28"]
[Round "7"]
[White "Leconte,M"]
[Black "Cedikova,K"]
[Result "1-0"]
[WhiteElo "2325"]
[BlackElo "2214"]

1.e4 c5 2.c3 Nf6 3.e5 Nd5 4.d4 cxd4 5.Nf3 e6 6.cxd4 b6 7.Nc3 Nxc3 8.bxc3 Qc7
9.Bd2 Ba6 10.Bxa6 Nxa6 11.Ng5 Qb7 12.O-O Be7 13.f4 h6 14.Nh3 g6 15.Qe2 Nc7
16.c4 f5 17.exf6 Bxf6 18.Qd3 Rg8 19.a4 d5 20.Rac1 dxc4 21.Rxc4 O-O-O 22.Rfc1 Rd7
23.Nf2 Rgd8 24.Be3 Kb8 25.Ne4 Be7 26.Bf2 Qd5 27.Qc2 Na6 28.Rc8+ Kb7 29.Rxd8 Rxd8
30.Nc3 Qf5 31.Ne4 Qd5 32.Nc3 Qf5 33.Qb3 Bf6 34.Nb5 Qd5 35.Qc2 Rg8 36.Nc7 Nxc7
37.Qxc7+ Ka6 38.Qf7 Bxd4 39.Qxg8 Bxf2+ 40.Kh1 Bc5 41.Qxg6 Be3 42.Rf1 Bxf4
43.Qc2 e5 44.Qc8+ Qb7 45.Qc4+ b5 46.axb5+ Qxb5 47.Ra1+ Kb6 48.Qc2 Qd5 49.Rb1+ Ka5
50.Qc3+ Ka6 51.Qa3+  1-0

[Event "17th TCh-Eur"]
[Site "Novi Sad SRB"]
[Date "2009.10.30"]
[Round "9"]
[White "Arngrimsson,D"]
[Black "Jeitz,C"]
[Result "1-0"]
[WhiteElo "2396"]
[BlackElo "2253"]

1.e4 c5 2.c3 Nf6 3.e5 Nd5 4.d4 cxd4 5.Nf3 e6 6.cxd4 b6 7.Bc4 Ba6 8.Bxd5 exd5
9.Nc3 Be7 10.Nxd5 O-O 11.Bd2 Nc6 12.Qa4 Bd3 13.Bc3 b5 14.Qd1 Be4 15.Nxe7+ Qxe7
16.a3 a5 17.O-O b4 18.axb4 axb4 19.Rxa8 Rxa8 20.Bd2 Ra2 21.Ng5 Bd5 22.Qb1 g6
23.Ne4 Kg7 24.Nf6 Qe6 25.Qc1 Bc4 26.Bh6+ Kh8 27.d5 Bxd5 28.Qc5 Qe7 29.Qxd5 Rxb2
30.Ra1  1-0

[Event "IV Open"]
[Site "Bogota COL"]
[Date "2009.10.31"]
[Round "5"]
[White "Mateus,Al"]
[Black "Alvarez,Ja"]
[Result "0-1"]
[WhiteElo "2241"]
[BlackElo "2158"]

1.e4 c5 2.c3 Nf6 3.e5 Nd5 4.d4 cxd4 5.Nf3 b6 6.cxd4 Bb7 7.Nc3 e6 8.Bd3 d6
9.O-O Be7 10.Ne4 O-O 11.Nfg5 h6 12.Qh5 dxe5 13.dxe5 Nf4 14.Bxf4 Qxd3 15.Rfd1 Qc2
16.Rac1 Qxb2 17.Rc7 Bxg5 18.Nxg5 hxg5 19.Rxf7 Rxf7 20.Rd8+ Rf8 21.Rxf8+ Kxf8
22.Qh8+ Kf7 23.Qh5+ Ke7 24.Bxg5+ Kd7 25.Qf7+ Kc6 26.Qe8+ Kd5 27.Qd8+ Kc4  0-1

[Event "13th OIBM"]
[Site "Bad Wiessee GER"]
[Date "2009.11.02"]
[Round "3"]
[White "Nuber,B"]
[Black "Souleidis,G"]
[Result "0-1"]
[WhiteElo "2177"]
[BlackElo "2429"]

1.e4 c5 2.c3 Nf6 3.e5 Nd5 4.d4 cxd4 5.cxd4 e6 6.Nf3 d6 7.Be2 Be7 8.O-O O-O
9.Bd2 Nc6 10.Nc3 dxe5 11.dxe5 Nxc3 12.Bxc3 Qc7 13.Rc1 Rd8 14.Qc2 Bd7 15.Rfd1 Be8
16.Bd3 g6 17.Qe2 a6 18.Qe3 b5 19.a3 Qa7 20.Qf4 b4 21.axb4 Rab8 22.Be4 Rxd1+
23.Rxd1 Nxb4 24.h4 Qc7 25.Rd6 Na2 26.Bd4 Bxd6 27.exd6 Qc1+ 28.Qxc1 Nxc1 29.Bf6 Rb6
30.Be7 f5 31.Bc2 Rxb2 32.Bd1 Nd3 33.Kf1 Rxf2+ 34.Kg1 Rb2 35.Kf1 Rb1 36.Ke2 Nf4+
37.Kd2 Nd5  0-1

[Event "Russia Cup w"]
[Site "St Petersburg RUS"]
[Date "2009.11.04"]
[Round "1.4"]
[White "Solovjova,V"]
[Black "Kashlinskaya,A"]
[Result "0-1"]
[WhiteElo "2275"]
[BlackElo "2288"]

1.e4 c5 2.c3 Nf6 3.e5 Nd5 4.d4 cxd4 5.cxd4 d6 6.Nf3 Nc6 7.Bc4 dxe5 8.dxe5 Ndb4
9.Qxd8+ Nxd8 10.Na3 a6 11.O-O e6 12.Rd1 Be7 13.Bg5 h6 14.Bxe7 Kxe7 15.Nd4 b5
16.Be2 Bb7 17.Bf3 Bxf3 18.Nxf3 Ndc6 19.Kf1 Rhd8 20.Rxd8 Rxd8 21.Rc1 Rd5 22.Nb1 Nxe5
23.Nc3 Rc5 24.Nxe5 Rxe5 25.Ne2 Nxa2 26.Nd4 Nb4 27.Rc7+ Kf6 28.h3 Nd3 29.g4 Nxb2
30.Ra7 Re4 31.Nc6 Ra4 32.Nd8 b4 33.Rxf7+ Kg6 34.h4 b3 35.h5+ Kg5 36.Rxg7+ Kh4
37.Nxe6 Nc4 38.Kg2 b2 39.Nd4 Ne3+ 40.fxe3 Rxd4 41.Rb7 Rd2+ 42.Kf3 a5 43.e4 a4
44.e5 Rd3+ 45.Ke2 Rb3  0-1

[Event "Russia Cup"]
[Site "St Petersburg RUS"]
[Date "2009.11.04"]
[Round "1.2"]
[White "Deviatkin,A"]
[Black "Savchenko,B"]
[Result "1/2-1/2"]
[WhiteElo "2608"]
[BlackElo "2644"]

1.e4 c5 2.c3 Nf6 3.e5 Nd5 4.g3 d6 5.exd6 e6 6.Bg2 Bxd6 7.Nf3 Nc6 8.O-O O-O
9.Na3 Be7 10.Re1 b6 11.Nc2 Bb7 12.d4 cxd4 13.Nfxd4 Nxd4 14.Nxd4 Rc8 15.Qe2 Qc7
16.Nb5 Qb8 17.c4 Nc7 18.Nxc7 Rxc7 19.Bxb7 Qxb7 20.Bf4 Rd7 21.Red1 Rfd8 22.b3 Bf6
23.Rac1 Qc6 24.Rxd7 Rxd7 25.Rd1 Bd4 26.Be5 Bxe5 27.Rxd7 Qxd7 28.Qxe5 f6 29.Qb8+ Kf7
30.b4 Kg6 31.h4 e5 32.Qa8 Qd3 33.c5 Qb1+ 34.Kg2 Qxb4 35.Qe8+ Kh6 36.c6 Qe4+
37.Kg1 Qb1+ 38.Kg2 Qe4+ 39.Kg1 Qb1+  1/2-1/2

[Event "13th OIBM"]
[Site "Bad Wiessee GER"]
[Date "2009.11.05"]
[Round "7"]
[White "Hedke,F"]
[Black "Brodsky,M"]
[Result "0-1"]
[WhiteElo "2296"]
[BlackElo "2530"]

1.e4 c5 2.c3 Nf6 3.e5 Nd5 4.d4 cxd4 5.Nf3 Nc6 6.Bc4 Nb6 7.Bb3 d5 8.exd6 Qxd6
9.O-O Be6 10.Bxe6 Qxe6 11.Nxd4 Nxd4 12.Qxd4 Rd8 13.Qh4 Qe2 14.Nd2 h5 15.a4 Qg4
16.Qxg4 hxg4 17.a5 Nd5 18.Nc4 e6 19.g3 Rh5 20.Re1 Bc5 21.Ne5 Nf6 22.Nc4 a6
23.Be3 Ke7 24.Kg2 Rdh8 25.Bxc5+ Rxc5 26.Ra4 Rch5 27.Rb4 Rb5 28.Rxb5 axb5
29.Ne3 Rd8 30.Re2 Ra8 31.b4 Rc8 32.Nf5+ Kd7 33.Rd2+ Nd5 34.Ne3 Kd6 35.Nc2 Rxc3
36.Nd4 Rc4 37.Nxb5+ Ke7 38.Nd4 Nxb4 39.Nb3 Rc3 40.Rb2 Nd3 41.Rb1 Rc2 42.Kg1 e5  0-1

[Event "3rd Asian Indoor Team Rapid Prelim"]
[Site "Ha Long City VIE"]
[Date "2009.11.06"]
[Round "7"]
[White "Davletbayeva,M"]
[Black "Zhao Xue"]
[Result "1/2-1/2"]
[WhiteElo "2166"]
[BlackElo "2506"]

1.e4 c5 2.c3 Nf6 3.e5 Nd5 4.Nf3 Nc6 5.d4 cxd4 6.cxd4 d6 7.Bc4 Nb6 8.Bb5 d5
9.O-O Bg4 10.h3 Bxf3 11.Qxf3 e6 12.Be3 Rc8 13.Rc1 Nd7 14.Nd2 Qb6 15.Bxc6 bxc6
16.Rc2 a5 17.Rac1 a4 18.Qg3 g6 19.Nf3 Qb7 20.Ng5 Be7 21.Qf3 O-O 22.Qg3 Qb6
23.Qh4 Bxg5 24.Bxg5 Rc7 25.Bd8 Rxd8 26.Qxd8+ Kg7 27.b3 axb3 28.axb3 Qb7 29.b4 Nb6
30.Qf6+ Kg8 31.Rc5 Na4 32.Ra5 Nb6 33.Qd8+ Kg7 34.Qf6+ Kg8 35.Rca1 Nd7 36.Ra8+ Rc8
37.Rxc8+ Qxc8 38.Qe7 Qb7 39.Rc1 Kg7 40.Qd6 Nb8 41.g3 Qa7 42.Qc5 Qa4 43.Qb6 Qa3
44.Rf1 Na6 45.Qxc6 Nxb4 46.Qd6 Qc3 47.Rb1 Nc6 48.Qc7 Nxd4 49.Qxc3 Ne2+ 50.Kf1 Nxc3
51.Rc1 Nb5 52.Ke2 Na3 53.Kd3 Nc4 54.Rxc4 dxc4+ 55.Kxc4 g5 56.Kd4 Kg6 57.Ke4 h5
58.f3 Kg7 59.Kd4 Kf8 60.Kc5 Ke7 61.Kd4 Kd7 62.Kc5 Kc7 63.f4 gxf4 64.gxf4 h4
65.Kb5 Kb7 66.Kc5 Kc7 67.Kb5 Kb7 68.Kc5  1/2-1/2

[Event "TCh-AUT 2009-10"]
[Site "Jenbach AUT"]
[Date "2009.11.06"]
[Round "1"]
[White "Ranits,F"]
[Black "Freitag,Ma"]
[Result "0-1"]
[WhiteElo "2164"]
[BlackElo "2387"]

1.e4 c5 2.c3 Nf6 3.e5 Nd5 4.d4 cxd4 5.cxd4 d6 6.Nf3 Nc6 7.Bc4 Nb6 8.Bb5 dxe5
9.Nxe5 Bd7 10.Nc3 Nxe5 11.dxe5 Bxb5 12.Nxb5 Qxd1+ 13.Kxd1 O-O-O+ 14.Ke2 Rd5
15.a4 a6 16.Be3 axb5 17.Bxb6 Kd7 18.Rhc1 bxa4 19.Rxa4 g5 20.Rc7+ Ke6 21.Rxb7 Bg7
22.Raa7 Re8 23.Be3 g4 24.b4 Bxe5 25.b5 Bd6 26.b6 Rc8 27.Ra2 Rb5 28.Rba7 Rc3
29.R7a5 Rb1 30.Rh5 Rcb3 31.Rc2 f5 32.g3 Bb4 33.Bd2 R1b2 34.b7 Rxc2 35.b8=Q Rxd2+
36.Kf1 Rb1+ 37.Kg2 Rxf2+  0-1

[Event "13th OIBM"]
[Site "Bad Wiessee GER"]
[Date "2009.11.07"]
[Round "9"]
[White "Schellmann,F"]
[Black "Wltschek,C"]
[Result "1/2-1/2"]
[WhiteElo "2158"]
[BlackElo "2001"]

1.e4 c5 2.c3 Nf6 3.e5 Nd5 4.Nf3 e6 5.d4 cxd4 6.cxd4 Nc6 7.Bc4 Nb6 8.Bd3 d6
9.O-O Nb4 10.Bg5 Be7 11.Bxe7 Qxe7 12.Nc3 dxe5 13.dxe5 Bd7 14.Be4 Bc6 15.a3 N4d5
16.Nd4 Nxc3 17.Bxc6+ bxc6 18.bxc3 Qc5 19.Qf3  1/2-1/2

[Event "48th XtraCon TCh-DEN 2009-10"]
[Site "Denmark DEN"]
[Date "2009.11.07"]
[Round "1"]
[White "Pedersen,Da"]
[Black "Matthiesen,A"]
[Result "1/2-1/2"]
[WhiteElo "2303"]
[BlackElo "2322"]

1.e4 c5 2.c3 Nf6 3.e5 Nd5 4.d4 cxd4 5.Nf3 Nc6 6.Bc4 Nb6 7.Bb3 g6 8.Ng5 d5
9.exd6 e6 10.Qf3 Ne5 11.Qg3 Nec4 12.Ne4 Bxd6 13.Qd3 Ne5 14.Qxd4 Bc7 15.Qxd8+ Bxd8
16.Nd6+ Kf8 17.Ke2 Be7 18.Nxc8 Rxc8 19.f4 Nec4 20.a4 Nd5 21.Kd3 Na5 22.Bxd5 exd5
23.Be3 Nb3 24.Ra2 b6 25.Kc2 Na5 26.Rd1 Nc6 27.Kb3 Na5+ 28.Kc2 Nc6 29.Kb3 Na5+
30.Kc2 Nc6  1/2-1/2

[Event "48th XtraCon TCh-DEN 2009-10"]
[Site "Denmark DEN"]
[Date "2009.11.08"]
[Round "2"]
[White "Boe,M"]
[Black "Andersen,So2"]
[Result "1-0"]
[WhiteElo "2326"]
[BlackElo "2082"]

1.e4 c5 2.c3 Nf6 3.e5 Nd5 4.d4 cxd4 5.Qxd4 e6 6.Nf3 Nc6 7.Qe4 f5 8.Qe2 Be7
9.g3 b6 10.Bg2 a5 11.O-O b5 12.Rd1 Ba6 13.Qc2 Rc8 14.a4 b4 15.c4 b3 16.Qxb3 Nb6
17.Bf1 Rb8 18.Qc3 Bb4 19.Qc2 O-O 20.b3 Qe7 21.Bf4 Bc5 22.Nc3 h6 23.h4 Bb7
24.Bg2 Nb4 25.Qd2 Rbd8 26.Nb5 Nc8 27.Ne1 Bc6 28.h5 Qf7 29.Qe2 Kh7 30.Rd2 Rg8
31.Bf3 Be7 32.Rad1 Bg5 33.Ng2 Qe7 34.Nd4 Na7 35.Qe3 Bxf3 36.Nxf3 Bxf4 37.Nxf4 Nac6
38.Ng6 Qf7 39.Qb6 f4 40.Nxf4 Rgf8 41.Qe3 Nb8 42.Nd4  1-0

[Event "48th XtraCon TCh-DEN 2009-10"]
[Site "Denmark DEN"]
[Date "2009.11.08"]
[Round "2"]
[White "Nielsen,LA"]
[Black "Sorensen,To1"]
[Result "1/2-1/2"]
[WhiteElo "2248"]
[BlackElo "2091"]

1.e4 c5 2.c3 Nf6 3.e5 Nd5 4.Nf3 e6 5.d4 cxd4 6.cxd4 b6 7.Bd3 Bb4+ 8.Bd2 Bxd2+
9.Nbxd2 Nf4 10.Ne4 O-O 11.Qd2 Nxd3+ 12.Qxd3 Ba6 13.Qc3 Nc6 14.Nd6 Na5 15.Qa3 Qc7
16.b4 Qc2 17.b5 Bb7 18.Rc1 Qg6 19.Nxb7 Qe4+ 20.Qe3 Qxe3+ 21.fxe3 Nxb7 22.O-O Rac8
23.Ng5 Na5 24.Ne4 Nb7 25.Kf2 h6 26.Ke2 d5 27.exd6 f5 28.Nd2 Nxd6 29.a4 Rfd8
30.Nf3 Nf7 31.Rc6 Rxc6 32.bxc6 Rc8 33.Rc1 Kf8 34.d5 exd5 35.Nd4 g6 36.Ne6+ Ke7
37.Nf4 Ne5 38.Nxd5+ Kd6 39.Rd1 Ke6 40.Nf4+ Kf7 41.Rd5 Nxc6 42.Rd7+ Ke8 43.Rh7 Ne7
44.Rxh6 Kf7 45.Rh7+ Kf6 46.Kd3 Rc5 47.Rh8 Ra5 48.Rf8+ Kg5 49.Ne6+ Kg4 50.Re8 Nc6
51.Rg8 Ne5+ 52.Kd4 Nc6+ 53.Kd3 Ne5+  1/2-1/2

[Event "TCh-AUT 2009-10"]
[Site "Jenbach AUT"]
[Date "2009.11.08"]
[Round "3"]
[White "Schneider,Il"]
[Black "Atlas,V"]
[Result "1/2-1/2"]
[WhiteElo "2496"]
[BlackElo "2427"]

1.e4 c5 2.c3 Nf6 3.e5 Nd5 4.Bc4 e6 5.Nf3 d6 6.d4 cxd4 7.cxd4 Nc6 8.O-O Be7
9.exd6 Qxd6 10.Nc3 O-O 11.Re1 b6 12.Nxd5 exd5 13.Bf4 Qxf4 14.Bxd5 Bb7 15.Bxc6 Bxc6
16.Rxe7 Bxf3 17.Qxf3 Qxd4 18.Rae1 h6 19.Qb3 a5 20.R7e4 Qf6 21.g3 Rad8 22.Rf4 Qg6
23.Rd1 Rfe8 24.Rf3 Rxd1+  1/2-1/2

[Event "Open"]
[Site "Leuven BEL"]
[Date "2009.11.12"]
[Round "1"]
[White "Camps,J"]
[Black "Docx,S"]
[Result "0-1"]
[WhiteElo "1849"]
[BlackElo "2358"]

1.e4 c5 2.c3 Nf6 3.e5 Nd5 4.Nf3 e6 5.Bc4 d6 6.O-O Nb6 7.Bb3 Nc6 8.d4 cxd4
9.cxd4 dxe5 10.dxe5 Qxd1 11.Rxd1 Bd7 12.Nc3 Na5 13.Bc2 Rc8 14.Be4 h6 15.Ne2 Bc6
16.Bxc6+ Nxc6 17.b3 Nd5 18.Bb2 Be7 19.Rac1 O-O 20.Ned4 Ncb4 21.a3 Rxc1 22.Bxc1 Na2
23.Bb2 Rd8 24.Rd2 Nac3 25.h3 a5 26.Kf1 a4 27.b4 Rc8 28.Rc2 Rc7 29.Rc1 Kf8
30.Ne2 Nxe2 31.Rxc7 Ng3+ 32.fxg3 Nxc7 33.Ke2 Ke8 34.Kd3 Kd7 35.Kc4 b5+ 36.Kd3 Kc6
37.Ke4 Nd5 38.Nd4+ Kb6 39.g4 Bh4 40.Ne2 Be1 41.Bd4+ Kc6 42.Bg1 Nc3+ 43.Nxc3 Bxc3
44.Bd4 Bd2 45.Bb2 g6 46.Kd3 Bf4 47.Ke4 Bg5 48.Kd4 f6 49.Ke4 f5+ 50.gxf5 gxf5+
51.Kd4 h5 52.Kc3 Kd5 53.Kd3 Bf4  0-1

[Event "FSIM November"]
[Site "Budapest HUN"]
[Date "2009.11.13"]
[Round "7"]
[White "Lyell,M"]
[Black "Szabo,Ben"]
[Result "0-1"]
[WhiteElo "2245"]
[BlackElo "2218"]

1.e4 c5 2.c3 Nf6 3.e5 Nd5 4.Nf3 e6 5.d4 cxd4 6.cxd4 d6 7.Bc4 Nb6 8.Bd3 dxe5
9.Nxe5 Nc6 10.Nf3 Be7 11.O-O O-O 12.Nc3 Nd5 13.Re1 Nxc3 14.bxc3 b6 15.Bf4 Bb7
16.Bc2 Rc8 17.Re3 g6 18.Ne5 Nxe5 19.Bxe5 Bf6 20.f4 Bxe5 21.fxe5 Rc7 22.Qg4 Qe7
23.Bb3 Rfc8 24.Qh3 Qg5 25.Rg3 Qd2 26.Bxe6 Rxc3 27.Bxf7+ Kg7 28.Rf1 Qxd4+
29.Kh1 Qf2 30.Rd1 Rc1 31.Qd7 Qxf7  0-1

[Event "World Youth U18"]
[Site "Antalya TUR"]
[Date "2009.11.16"]
[Round "5"]
[White "Pourramezanali,A"]
[Black "Recuero Guerra,D"]
[Result "1/2-1/2"]
[WhiteElo "2321"]
[BlackElo "2494"]

1.e4 c5 2.c3 Nf6 3.e5 Nd5 4.d4 cxd4 5.Nf3 e6 6.cxd4 d6 7.Nc3 Nxc3 8.bxc3 Qc7
9.Bd2 Nd7 10.Ng5 h6 11.exd6 Bxd6 12.Ne4 Bf4 13.Bxf4 Qxf4 14.Bd3 b6 15.Qd2 Qc7
16.O-O Bb7 17.f4 Rc8 18.Rac1 O-O 19.Qe2 Bxe4 20.Qxe4 Nf6 21.Qf3 Qd6 22.Bb1 b5
23.Qd3 Rfd8 24.Rcd1 a6 25.h3 Rc4 26.g4 Rdc8 27.Rc1 g6 28.f5 exf5 29.gxf5 g5
30.Qe3 Nd5 31.Qe5 Qxe5 32.dxe5 Nxc3 33.Rce1 Nxb1 34.Rxb1 Re4 35.Rbe1 Rxe1
36.Rxe1 Rc2 37.Rd1 Re2 38.Rd5 Kf8 39.Rc5 Rxa2 40.Rc8+ Ke7 41.Rc7+ Ke8 42.Rc8+ Ke7
43.Rc7+ Kd8 44.Rxf7 Re2 45.e6 Re5 46.Rf8+ Ke7 47.Rf7+ Ke8 48.Ra7 Rxf5 49.Rxa6 Rf3
50.Kg2 Rb3 51.Ra7 Re3 52.Rb7 Re5 53.Kg3 h5 54.h4 g4 55.Kf4 Rc5 56.Kg3 Rf5
57.Kg2 Re5 58.Kf2 Kd8 59.e7+ Ke8 60.Kg2 Kf7 61.Kf2 Ke8 62.Kg2  1/2-1/2

[Event "Espacio ENDESA ITTGM"]
[Site "Santiago CHI"]
[Date "2009.11.16"]
[Round "3"]
[White "Diaz Villagran,R"]
[Black "Arancibia Guzman,E"]
[Result "1-0"]
[WhiteElo "2281"]
[BlackElo "2391"]

1.e4 c5 2.c3 Nf6 3.e5 Nd5 4.d4 cxd4 5.Nf3 e6 6.Bc4 Nb6 7.Bb3 d6 8.exd6 Bxd6
9.cxd4 O-O 10.O-O N8d7 11.Nc3 Nf6 12.Bg5 Be7 13.Qd3 Bd7 14.Rad1 Bc6 15.Ne5 Bd5
16.Bc2 g6 17.Bh6 Re8 18.Rfe1 Rc8 19.Qh3 Qd6 20.Nxd5 Nbxd5 21.Ba4 Red8 22.Bb3 Rc7
23.Rd3 Bf8 24.Rf3 Bxh6 25.Qxh6 Rdc8 26.g4 b5 27.h4 Qf8 28.Qd2 Qg7 29.g5 Nh5
30.Ng4 Rd8 31.Nf6+ Nhxf6 32.gxf6 Qf8 33.Re5 Rcd7 34.h5 Nc7 35.hxg6 Rxd4 36.gxh7+ Kh8
37.Qg5 Rd3 38.Rxd3 Rxd3 39.Rc5 Rd7 40.Qg3 Ne8 41.Rc8  1-0

[Event "World Youth U18"]
[Site "Antalya TUR"]
[Date "2009.11.19"]
[Round "8"]
[White "Kocheev,A"]
[Black "Demuth,A"]
[Result "0-1"]
[WhiteElo "2247"]
[BlackElo "2387"]

1.e4 c5 2.c3 Nf6 3.e5 Nd5 4.d4 cxd4 5.Nf3 Nc6 6.Bc4 Nb6 7.Bb3 d5 8.exd6 Qxd6
9.O-O Be6 10.Bxe6 Qxe6 11.Nxd4 Nxd4 12.Qxd4 Rd8 13.Qf4 Qc6 14.Nd2 g6 15.Nf3 Bg7
16.Qh4 Qc4 17.Qh3 Rd5 18.Be3 O-O 19.Rfe1 e6 20.Nd2 Qc7 21.Ne4 Nc4 22.Bc1 Nd6
23.Ng5 h6 24.Nf3 Nc4 25.b3 Rh5 26.Qg4 Ne5 27.Nxe5 Rxe5 28.Rxe5 Qxe5 29.Bd2 Rd8
30.Be1 Rd3 31.Rc1 h5 32.Qa4 Qe2 33.b4 Bxc3 34.Bxc3 Rxc3 35.Rf1 a6 36.h3 Qc4
37.Qe8+ Kg7 38.Qe7 b6 39.Qd6 Qc6 40.Qe5+ Kg8 41.Qb8+ Kg7 42.Qe5+ Kh7 43.Rd1 Rc1
44.Rxc1 Qxc1+ 45.Kh2 Qc6 46.Qb8 Kg7 47.Qe5+ Kf8 48.a3 Ke7 49.g3 Qd6 50.Qg5+ Ke8
51.Qc1 Kd7 52.Qc3 b5 53.Qf6 Ke8 54.h4 Qd3 55.Qb2 Ke7 56.Qc1 Qd6 57.Qg5+ Ke8
58.Qf6 Qb6 59.Qf4 a5 60.Kg1 a4 61.Qe5 Qc6 62.Qb8+ Ke7 63.Qa7+ Qd7 64.Qc5+ Ke8
65.Kh2 Qd3 66.Qc8+ Ke7 67.Qc7+ Kf8 68.Qc5+ Kg8 69.Kg1 e5 70.Kg2 e4 71.Kg1 Qf3
72.Qc8+ Kg7 73.Qc1 Kh7 74.Qc7 e3 75.fxe3 Qxe3+ 76.Kg2 Kg7  0-1